000 00508nam a2200205Ia 4500
005 20231107112721.0
008 131103s9999 xx 000 0 und d
020 _aSBN:8185304
040 _aLoreto College
041 _aEnglish
082 _a793.73
_bDUN
245 _aDunlop cricket quiz
_cTiger Pataudi .... [et al]
260 _aNew Delhi
_bUBSPD
_c1992
300 _a153 p.
650 _aQuestions and Answers
651 _aQuizzes
700 _aPataudi,Tiger
850 _aLCLIB
942 _cBK
999 _c17508
_d67987